Derecho de obligaciones / (Record no. 89235)

MARC details
000 -LEADER
campo de control de longitud fija 00541nam a2200169 i 4500
001 - NÚMERO DE CONTROL
campo de control 89235
003 - IDENTIFICADOR DE NÚMERO DE CONTROL
campo de control ES-MaACL
007 - CAMPO FIJO DE DESCRIPCIÓN FÍSICA--INFORMACIÓN GENERAL
campo de control de longitud fija t|
008 - DATOS DE LONGITUD FIJA--INFORMACIÓN GENERAL
campo de control de longitud fija 050105m19581959sp ||||1| spa d
100 1# - ENTRADA PRINCIPAL--NOMBRE DE PERSONA
Nombre de persona Larenz, Karl.
9 (RLIN) 70240
245 10 - MENCIÓN DEL TÍTULO
Título Derecho de obligaciones /
Mención de responsabilidad, etc. Karl Larenz ; versión española y notas de Jaime Santos Briz.
250 ## - MENCION DE EDICION
Mención de edición [1ª ed.].
260 ## - PUBLICACIÓN, DISTRIBUCIÓN, ETC.
Lugar de publicación, distribución, etc. Madrid :
Nombre del editor, distribuidor, etc. Revista de Derecho Privado,
Fecha de publicación, distribución, etc. 1958-59 (
Fabricante Gráfs. González)
300 ## - DESCRIPCIÓN FÍSICA
Extensión 2 t. ;
Dimensiones 24 cm.
700 1# - ENTRADA AGREGADA--NOMBRE PERSONAL
Nombre de persona Santos Briz, Jaime.
9 (RLIN) 103492
852 ## - LOCALIZACIÓN
Ubicación ES-MaACL
Número de control de estantería C-7193-4
Sublocalización o colección R.41893
Holdings
Estatus retirado Estado de pérdida Estado de daño No para préstamo Biblioteca de origen Biblioteca actual Ubicación en estantería Fecha de adquisición Fuente de adquisición Total de préstamos Signatura topográfica completa Código de barras Visto por última vez Precio de reemplazo Tipo de ítem Koha
        Biblioteca del Ateneo de Madrid Biblioteca del Ateneo de Madrid Sala Palomar 17/01/2008     C-7193-4 1093196 23/02/2023 23/02/2023 Libro impreso